• 首页
  • 本馆介绍
  • 公告通知
  • 最新文献
  • 馆藏检索
  • 电子资源
  • 读者导购
  • 参考咨询
  • 我的图书馆
  • 登录
  • 详细信息显示
  • 放入我的书架
  • 预约/预借图书
  • 作者相关作品
  • 分类相关作品
  • 丛书相关作品
  • 出版社相关作品

书目信息

  • 表格格式
  • 工作单格式
  • 卡片格式
题名:
泵和电动机的选用
    
 
作者: ;石油化学工业部石油化工规划设计院 编写
分册:  
出版信息: 北京   石油化学工业出版社  1976
页数: 342页
开本: 26cm
丛书名:
单 册:
中图分类: TE964
科图分类:
主题词: 泵-内流试验--分析 , 石油加工工厂--机械设备 , 天然气加工厂--机械设备
电子资源:
ISBN:
000 00822nam0 2200229 45
001 0197042708
005 20060426105037.59
010    @dCNY1.75
100    @a19971202d1976 em y0chiy0121 ea
101 0  @achi
105    @ay z 000yy
200 10 @a泵和电动机的选用@Abeng he dian dong ji de xuan yong@f石油化学工业部石油化工规划设计院编写@Fshi you hua xue gong ye bu shi you hua gong gui hua she ji yuan bian xie
210    @a北京@c石油化学工业出版社@d1976
215    @a342页@d26cm
300    @a炼油设备工艺设计资料
606    @a泵-内流试验@x分析
606 0  @a石油加工工厂@x机械设备
606 0  @a天然气加工厂@x机械设备
690    @aTE964@v3
711  0 @a石油化学工业部石油化工规划设计院@Ashi you hua xue gong ye bu shi you hua gong gui hua she ji yuan@4编写
801  0 @aCN@bTSSF@c20060426
905    @a10447@dTE964@e1
    
    泵和电动机的选用/石油化学工业部石油化工规划设计院编写.-北京:石油化学工业出版社,1976
    342页;26cm
    炼油设备工艺设计资料
    
    ISBN :CNY1.75
    
●
相关链接 在E读中查询图书 在五车中查询图书 在当当中查询图书 在豆瓣中查询图书


正题名:泵和电动机的选用     索取号:TE964/1         预约/预借

序号 登录号 条形码 馆藏地/架位号 状态 备注
1 0004481   202294775   密集书库/ [索取号:TE964/1] 在馆    
2 0004482   202294944   密集书库/ [索取号:TE964/1] 在馆    
唐山师范学院图书馆 欢迎您!
大连网信软件有限公司© 版权所有